000 00830nam a22002417a 4500
003 UA-OsUOA
001 101738
007 ta
008 20130712b un ||||| |||| 00| 0 ukr d
100 _aТолстенко В. Л.
090 _a340.114(477)
_bТ52
942 _cBK
040 _aUA-OsUOA
_bukr
_cUA-OsUOA
_dUA-OsUOA
245 _aПравова ідеологія і демократизація сучасної України: теоретично-правові аспекти
_bмонографія
300 _a284 с.
955 _a1
041 _aukr
080 _a340.114(477)
020 _a978-966-171-687-1
260 _aК.
_bЛогос
_c2012
650 7 _a340 Право в цілому. Пропедевтика. Методи та допоміжні правничі науки
_2UDC
999 _c388008
_d388008